[Event "CFriend RH-2005-0-00032 email"]
[Site "Chessfriend.com"]
[Date "2005.11.18"]
[Round "1"]
[White "Bernal Varela, Nelson"]
[Black "Sridharan, Ramachandren"]
[Result "1-0"]
[WhiteElo "2172"]
[BlackElo "2175"]
[PlyCount "113"]
[EventDate "2005.11.18"]
[EventType "tourn (corr)"]
[EventRounds "6"]
[SourceTitle "Corr 2008"]
[Source "ChessBase"]
[SourceDate "2008.06.24"]
[SourceVersion "1"]
[SourceVersionDate "2008.06.24"]
[SourceQuality "1"]

1. e4 c5 2. Nf3 d6 3. d4 cxd4 4. Nxd4 Nf6 5. Nc3 a6 6. Bg5 e6 7. f4 Be7 8. Qf3 Qc7 9. 0-0-0 h6 10. Bh4 Nbd7 11. Be2 g5 12. fxg5 Ne5 13. Qe3 Nfg4 14. Qd2 hxg5 15. Bxg5 f6 16. Bf4 Nf2 17. Bh5+ Rxh5 18. Qxf2 Bd7 19. h4 Rh7 20. Nce2 Rc8 21. Nc3 Nc4 22. Qg3 Kf7 23. Nb3 b5 24. h5 Rg7 25. Qf3 b4 26. h6 Rh7 27. Ne2 Ne3 28. Rd2 Nc4 29. Qh5+ Kg8 30. Rd3 Kh8 31. Rg3 Ne5 32. Ned4 Be8 33. Qh3 Bf7 34. Rg7 a5 35. Kb1 a4 36. Qg3 Ng6 37. Rxf7 Rxf7 38. Qxg6 Rh7 39. e5 dxe5 40. Nxe6 Qb8 41. Qf5 exf4 42. Nxf4 Rg8 43. Nd2 a3 44. Ng6+ Rxg6 45. Qxg6 Qg8 46. Qe4 axb2 47. Nf3 Bf8 48. Qf4 Qf7 49. Kxb2 Qe7 50. Nh4 Qf7 51. Qb8 Rxh6 52. Ng6+ Kg7 53. Rxh6 Kxh6 54. Qxf8+ Kxg6 55. Qxf7+ Kxf7 56. Kb3 Kg6 57. Kxb4 1-0